English Football Team endings - Statistics

General Stats
  • This quiz has been taken 180 times
  • The average score is 16 of 21
Answer Stats
Answer % Correct
City
99%
United
99%
Town
97%
Albion
93%
Rovers
92%
Wanderers
90%
County
84%
Hotspur
81%
Rangers
81%
Villa
81%
Athletic
80%
Forest
77%
Wednesday
74%
Palace
71%
Argyle
70%
Vale
60%
Dons
58%
Orient
58%
Alexandra
51%
End
51%
Stanley
51%
No matching quizzes found
Score Distribution
Percent of People with Each Score
Percentile by Number Answered
Your Score History
You have not taken this quiz